|
|
|
|
| LEADER |
00870cam a2200265 7i4500 |
| 001 |
0000036264 |
| 005 |
20200204090000.0 |
| 007 |
##ta |
| 008 |
200204s2018 my |
| 020 |
# |
# |
|a 9789834915223
|
| 040 |
# |
# |
|a MATR
|
| 090 |
0 |
0 |
|a B 658.8088297
|b ABA (LRM)
|
| 100 |
0 |
# |
|a Ab. Aziz Yusof
|e author
|
| 245 |
1 |
0 |
|a PEMASARAN dari perspektif ISLAM /
|c AB AZIZ YUSOF.
|
| 264 |
# |
4 |
|a ♭.
|
| 264 |
# |
1 |
|a Kuala Lumpur:
|b Dewan Bahasa dan Pustaka,
|c 2018.
|
| 300 |
# |
# |
|a xvi, 304 pages:
|b illustrations;
|c 22 cm.
|
| 336 |
# |
# |
|a text
|2 rdacontent
|
| 337 |
# |
# |
|a unmediated
|2 rdamedia
|
| 338 |
# |
# |
|a volume
|2 rdacarrier
|
| 504 |
# |
# |
|a Includes bibliographical references and index
|
| 650 |
# |
0 |
|a Government publications --
|z Malaysia
|
| 650 |
# |
0 |
|a Marketing --
|x Religious aspects --
|x Islam
|
| 650 |
# |
0 |
|a Marketing --
|x Management
|
| 999 |
|
|
|a B000040987
|b Book
|c Malaysia
|e Business Information Centre
|